Biblioteka Instytutu Północnego w Olsztynie

Zwijanie sztandaru : (Rekord nr 27417)

Szczegóły MARC
000 -Nagłówek
fixed length control field 02592cam a2200577 i 4500
001 - Nr kontrolny bibl., która utworzyła rek.
control field xx004621411
003 - Siglum bibl., której nr kontr. jest w 001
control field NUKAT
005 - Data i czas ostatniej operacji
control field 20260402120239.0
008 - Elementy pola stałej długości
fixed length control field 190521s2019 pl a |001 0dpol c
020 ## - ISBN
ISBN 9788380985766
dopowiedzenie (oprawa twarda) :
warunki dostępności zł 45,00
035 ## - Systemowy numer kontrolny
systemowy numer kontrolny (OCoLC)1103901603
035 ## - Systemowy numer kontrolny
systemowy numer kontrolny (NUKAT)xx004621411
040 ## - Instytucja sporządzająca opis
Instytucja, która sporządziła opis WR U/MB
język katalgowania-trzyzn. kod pol
zasady opisu rda
Instytucja, która sporządziła rekord WR U/MBs
Instytucja, która zmodyfikowała rekord WR U/hb
-- OLSZT 008/bak
041 0# - Kod nazwy języka dokumentu
Język tekstu pol
Język streszczeń eng
045 2# - Okres czasu dla zawartości
czas między r. 9999 pne a nasz. czas. d1975
-- d1990
046 ## - Kod rodz. daty, data1, data2 (daty pne)
Begin/single date 2019
100 1# - Hasło główne-nazwa osobowa
Nazwa osobowa Brzeziński, Piotr.
rodzaj współpracy Autor
9 (RLIN) 39428
245 10 - Tytuł właściwy i oznaczenie odpow.
tytuł Zwijanie sztandaru :
dodatek do tytułu Komitet Wojewódzki PZPR w Gdańsku w latach 1975-1990 /
dod. inf. ze s. tyt./ozn. odpow. Piotr Brzeziński ; Instytut Pamięci Narodowej. Komisja Ścigania Zbrodni przeciwko Narodowi Polskiemu. Oddział w Gdańsku.
246 30 - Inne formy tytułu, wariant tytułu
tytuł Komitet Wojewódzki PZPR w Gdańsku w latach 1975-1990
260 ## - Adres wydawniczy
miejsce wydania, dystrybucji itp. Gdańsk ;
-- Warszawa :
nazwa wydawcy, dystrybutora itp. Instytut Pamięci Narodowej. Komisja Ścigania Zbrodni przeciwko Narodowi Polskiemu,
data wydania, dystrybucji itp. 2019.
300 ## - Opis fizyczny
objętość i/lub forma materiału 470, [2] strony, [48] strony tablic :
inne szczegóły opisu fizycznego ilustracje ;
format 25 cm.
336 ## - Content Type
Term Tekst
Code txt
Source rdacontent
337 ## - Media Type
Term Bez urządzenia pośredniczącego
Code n
Source rdamedia
338 ## - Carrier Type
Term Wolumin
Code nc
Source rdacarrier
380 ## - Form of work
Form of work Książki
380 ## - Form of work
Form of work Publikacje naukowe
388 1# - TIME PERIOD OF CREATION
Time period of creation term 2001-
490 1# - Tytuł serii i ks. wielotom.-nie do wysz.
oznaczenie serii Publikacje Gdańskiego Oddziału IPN ;
numer woluminu t. 72
504 ## - Uwaga o bibliografii
uwaga o bibliografii Bibliografia na stronach 429-459. Indeks.
546 ## - Uwaga o języku opisywanego materiału
uwaga o języku Streszczenie w języku angielskim.
610 27 - Hasło przedmiotowe-nazwa ciała zbior.
nazwa ciała zbior. lub geogr. Komitet Wojewódzki PZPR (Gdańsk)
źródło hasła DBN
9 (RLIN) 39429
610 27 - Hasło przedmiotowe-nazwa ciała zbior.
nazwa ciała zbior. lub geogr. Polska Zjednoczona Partia Robotnicza.
nazwa jednostki podrzędnej Komitet Wojewódzki (Gdańsk).
źródło hasła kaba
9 (RLIN) 39430
648 #7 - SUBJECT ADDED ENTRY--CHRONOLOGICAL TERM
Chronological term 1901-2000
Source of heading or term DBN
9 (RLIN) 34996
648 #7 - SUBJECT ADDED ENTRY--CHRONOLOGICAL TERM
Chronological term 1945-1989
Source of heading or term DBN
9 (RLIN) 36043
648 #7 - SUBJECT ADDED ENTRY--CHRONOLOGICAL TERM
Chronological term 1989-2000
Source of heading or term DBN
9 (RLIN) 36156
650 #7 - Hasło przedmiotowe-nazwa pospolita
nazwa pospolita lub geogr. Organizacja
źródło hasła DBN
9 (RLIN) 37857
650 #7 - Hasło przedmiotowe-nazwa pospolita
nazwa pospolita lub geogr. Politycy
źródło hasła DBN
9 (RLIN) 36070
650 #7 - Hasło przedmiotowe-nazwa pospolita
nazwa pospolita lub geogr. PRL
źródło hasła DBN
9 (RLIN) 35084
650 #7 - Hasło przedmiotowe-nazwa pospolita
nazwa pospolita lub geogr. Stan wojenny w Polsce (1981-1983)
źródło hasła DBN
9 (RLIN) 36916
650 #7 - Hasło przedmiotowe-nazwa pospolita
nazwa pospolita lub geogr. Wydarzenia w Polsce (1980-1981)
źródło hasła DBN
9 (RLIN) 39431
650 #7 - Hasło przedmiotowe-nazwa pospolita
nazwa pospolita lub geogr. Represje polityczne
określnik geograficzny Polska
-- Gdańsk
określnik chronologiczny 1970-2000.
źródło hasła kaba
9 (RLIN) 39432
651 #7 - Hasło przedmiotowe-nazwa geogr.
nazwa geograficzna Gdańsk (woj. pomorskie)
źródło hasła DBN
9 (RLIN) 35261
655 #7 - Termin określający rodzaj/formę
rodzaj/forma Monografia
źródło terminu DBN
9 (RLIN) 35240
658 ## - Nazwa określająca cel programu nauczania
główny cel programu nauczania Historia
658 ## - Nazwa określająca cel programu nauczania
główny cel programu nauczania Polityka, politologia, administracja publiczna
710 2# - Hasło dodatkowe - nazwa ciała zbior.
nazwa ciała zbior. lub nazwa geogr. Instytut Pamięci Narodowej - Komisja Ścigania Zbrodni przeciwko Narodowi Polskiemu.
nazwa jednostki podrzędnej Oddział (Gdańsk).
rodzaj współpracy Instytucja sprawcza
9 (RLIN) 14049
710 2# - Hasło dodatkowe - nazwa ciała zbior.
nazwa ciała zbior. lub nazwa geogr. Instytut Pamięci Narodowej - Komisja Ścigania Zbrodni przeciwko Narodowi Polskiemu.
rodzaj współpracy Wydawca
kod rodzaju współpracy pbl
9 (RLIN) 11792
830 #0 - Hasło dod. serii i op. ks. wielotom. -tyt
tytuł Publikacje Gdańskiego Oddziału IPN
oznaczenie tomu t. 72
9 (RLIN) 14050
920 ## - ISBN
ISBN 978-83-8098-576-6 (oprawa twarda) : zł 45,00
942 ## - ADDED ENTRY ELEMENTS (KOHA)
Source of classification or shelving scheme Dewey Decimal Classification
Koha item type pozycje dostępne na miejscu
Egzemplarze
Status wycofania Status zagubienia Klasyfikacja Status uszkodzenia Blokada wypożyczeń Kolekcja Lokalizacja macierzysta Lokalizacja bieżąca Data nabycia Numer akcesji Źródło akcesji Cena Nr inwentarzowy il. wypożyczeń Sygnatura Kod kreskowy Date last seen Price effective from Typ egz.
    Dewey Decimal Classification nieuszkodzona   książka w magazynie Biblioteka Instytutu Północnego w Olsztynie Biblioteka Instytutu Północnego w Olsztynie 15/11/2019 D-38/2019 dar 45.00 59834   59834 IPWK21533 02/04/2026 02/04/2026 pozycje dostępne na miejscu
Biblioteka Instytutu Północnego, ul. Partyzantów 87, 10-402 Olsztyn, email: biblioteka(at)ip.olsztyn.pl